000 00526nam a2200169 i 4500
001 55713
003 ES-MaACL
005 20230906163213.0
007 t|
008 030925s1972 sp ||||1| spa d
100 1 _aDeutscher, Isaac.
_943984
245 1 0 _aRusia después de Stalin /
_cIsaac Deutscher ; [traducción de M.A. González de la edición inglesa].
260 _a[Barcelona] :
_bMartínez Roca,
_c[1972]
300 _a173 p. ;
_c20 cm.
700 1 _aGonzález, M. A.
_958357
852 _aES-MaACL
_jC-42430
_bR.80634
999 _c55713
_d55713